| 000 | 00726nam a2200229 i 4500 | ||
|---|---|---|---|
| 001 | 113935 | ||
| 003 | ES-MaACL | ||
| 005 | 20240426104414.0 | ||
| 007 | t| | ||
| 008 | 061121s1985 sp r ||||1| spa d | ||
| 020 | _a84-505-1434-7 | ||
| 245 | 0 | 4 |
_aLos nombres del mar _b: poesía portuguesa 1974-1984 / _cselección y traducción de Angel Campos Pampano. |
| 250 | _a1ª. ed. | ||
| 260 |
_a[s.l.] : _bEditora Regional de Extremadura, _c1985. |
||
| 300 |
_a362 p. ; _c21 cm. |
||
| 490 | 1 |
_aPoesía ; _v4 |
|
| 650 | 0 | 4 |
_aPoesía portuguesa- _ys.XX _916246 |
| 700 | 0 |
_aCampos Pámpano, Angel. _934282 |
|
| 830 | 0 |
_aPoesía ; _v4 _9177794 |
|
| 852 |
_aES-MaACL _jL-10667 _bR.108729 |
||
| 999 |
_c113935 _d113935 |
||